000
00318nam a22001337a 4500
008
250303b |||||||| |||| 00| 0 eng d
020
_a
0435330055
050
_a
HD58.5
_b
.H39
100
_a
BAZEN, Stephen
245
_a
Deindustrialization
260
_a
Oxford
_b
Heineman Education
_c
1973
300
_a
92p.
942
_c
BK
999
_c
2023
_d
2023